| 000 -ლიდერი |
| ფიქსირებული სიგრძის საკონტროლო ველი |
01405nam a22002177a 4500 |
| 003 - საკონტროლო ნომრის იდენტიფიკატორი |
| საკონტროლო ველი |
Ge_BSU |
| 005 - ბოლო ოპერაციის თარიღი და დრო |
| საკონტროლო ველი |
20200810124330.0 |
| 008 - ფიქსირებული სიგრძის მონაცემთა ელემენტები - ზოგადი ინფორმაცია |
| ფიქსირებული სიგრძის საკონტროლო ველი |
200810s2019 ge ||||| |||| 00| 0 geo d |
| 020 ## - წიგნის საერთაშორისო სტანდარტული ნომერი |
| International Standard Book Number |
9789941962134 |
| 041 ## - ენის კოდი |
| Language code of text/sound track or separate title |
geo |
| 080 ## - უნივერსალური ათობითი კლასიფიკაციის ინდექსი |
| Universal Decimal Classification number |
811.353.1(092 ი. ჩანტლაძე) ღ-54 |
| 245 ## - ცნობა სათაურის შესახებ |
| Title |
ღვაწლი : |
| Remainder of title |
(პროფესორი იზა ჩანტლაძე 80 წლისაა ) / |
| Statement of responsibility, etc |
რედ.: მეტრეველი, რ. არაბული, ა. გიპერტი, ი.; საქართველოს მეცნიერებათა აკადემია; ივანე ჯავახიშვილის სახელობის თბილისის სახელმწიფო უნ-ტი |
| 264 ## - წარმოების, გამოცემის, დისტრიბუციის და სხვა ცნობები |
| გამოცემის, წარმოების, დისტრიბუციის... ადგილი |
თბილისი : |
| გამოცემის, წარმოების, დისტრიბუციის... სახელწოდება |
კაი ყმა , |
| გამოცემის, წარმოების, დისტრიბუციის... თარიღი |
2019 . |
| 300 ## - ფიზიკური აღწერა |
| Extent |
563 გვ. |
| Other physical details |
ილ. |
| Dimensions |
25 სმ. |
| 653 ## - INDEX TERM--UNCONTROLLED |
| Uncontrolled term |
იზა ჩანტლაძე |
| 700 ## - ADDED ENTRY--PERSONAL NAME |
| Personal name |
არაბული, ა. |
| Relator term |
რედაქტორი |
| 9 (RLIN) |
4060 |
| 700 ## - ADDED ENTRY--PERSONAL NAME |
| Personal name |
გიპერტი, ი. |
| Relator term |
რედაქტორი |
| 9 (RLIN) |
9142 |
| 710 ## - ADDED ENTRY--CORPORATE NAME |
| Corporate name or jurisdiction name as entry element |
საქართველოს მეცნიერებათა აკადემია; |
| 9 (RLIN) |
9143 |
| 710 ## - ADDED ENTRY--CORPORATE NAME |
| Corporate name or jurisdiction name as entry element |
ივანე ჯავახიშვილის სახელობის თბილისის სახელმწიფო უნ-ტი |
| 9 (RLIN) |
9144 |
| 942 ## - ADDED ENTRY ELEMENTS (KOHA) |
| Source of classification or shelving scheme |
|
| Koha item type |
წიგნი |